Metodika výpočtu parametrov verejného osvetlenia : dát. obhajoby 2.7.2019, č. ved. odboru 5-2-30

Saved in:
Bibliographic Details
Main Author: Lipnický, Lukáš (Author)
Other Authors: Gašparovský, Dionýz (Thesis advisor)
Format: Manuscript Book
Language:Slovak
Published: Bratislava : STU v Bratislave FEI, 2019
Subjects:
Online Access:http://is.stuba.sk/zp/portal_zp.pl?podrobnosti=130762
Tags: Add Tag
No Tags, Be the first to tag this record!

MARC

LEADER 00000ntm a22000003a 4500
001 stuzp42505
003 SK-STU
005 20230413104547.5
007 ta
008 150427s2015----xo-----f-mn---000-0-slo-d
040 |a STU  |b slo 
041 0 |a slo 
044 |a xo 
100 1 |a Lipnický, Lukáš  |u 032000  |k Z2  |4 aut  |U FEI Fakulta elektrotechniky a informatiky  |T FEI Ústav elektroenergetiky a aplikovanej elektrotechniky  |X 51407  |U E020  |Y 548  |7 A000051407 
242 0 1 |a Road Lighting Parameters Calculation Methodology  |y eng 
245 1 0 |a Metodika výpočtu parametrov verejného osvetlenia :  |b dát. obhajoby 2.7.2019, č. ved. odboru 5-2-30 
260 |a Bratislava : 
260 |b STU v Bratislave FEI, 
260 |c 2019 
300 |a 119 s.,  |b AUTOREF. 2019, 28 s. 
650 4 |a jas  |2 slo 
650 4 |a interpolácia  |2 slo 
650 4 |a osvetlenosť  |2 slo 
650 4 |a luminance  |2 eng 
650 4 |a illuminance  |2 eng 
650 4 |a interpolation  |2 eng 
700 1 |a Gašparovský, Dionýz  |u 032000  |k Z1  |4 ths  |U FEI Fakulta elektrotechniky a informatiky  |T FEI Ústav elektroenergetiky a aplikovanej elektrotechniky  |X 1935  |U E020  |Y 548  |7 A000001935 
856 4 |u http://is.stuba.sk/zp/portal_zp.pl?podrobnosti=130762 
996 |b 284ED01625  |c E*ZP-488  |l EE01  |s A  |a 24  |w stuzp42505_0001